| 000 | 00461nam a2200145Ia 4500 | ||
|---|---|---|---|
| 008 | 231129s1995||||xx |||||||||||||| ||spa|| | ||
| 020 | _a970-10-0698-4 | ||
| 040 | _bspa | ||
| 082 | _a658 J74g | ||
| 100 | _aJoiner Brian J. | ||
| 245 | 0 | _aGerencia de la 4a. generación: Domine la convergencia evolutiva de la administración y la revolución de la calidad | |
| 260 | _c1995 | ||
| 264 | _aMcGraw-Hill | ||
| 942 |
_2ddc _cBKS |
||
| 999 |
_c14454 _d14454 |
||